000 00848nas a2200289 4500
001 BR0902697
003 BR-BrBNA
005 20231205113355.0
007 ta
008 230509b bl.|||p| |||| 00| 00por d
040 _aBR-BrBNA
_bpor
_cBiblioteca Nacional de Agricultura
041 _a(Pt)
072 _aF70
100 1 _aFrancisco, D.C.
100 1 _aNascimento, V.P. do
100 1 _aPedrozo, E.A.
245 1 _aConhecendo o consumidor de carne de frango da cidade de Porto Alegre, RS
650 _aCARNE
650 _aFRANGO
650 _aPESQUISA DE MERCADO
650 _aCONSUMO
650 _aCOMERCIALIZAÇÃO
650 _aRIO GRANDE DO SUL
773 0 _tHigiene Alimentar (Brazil)
_xISSN 0101-9171
_g(Mar-Apr 2009), v. 23(170-171) p. 66-69
_wBR0902697
909 _a202311
_bLúcia
_c55
_dLúcia Elande
942 _2AGRIS
_n0
_cANA
999 _c203436
_d203436